<?xml version="1.0" encoding="UTF-8"?>
<marc:record xmlns:marc="http://www.loc.gov/MARC21/slim">
   <marc:leader>00000nam a2200000 a 4500</marc:leader>
   <marc:datafield ind1="1" ind2=" " tag="100">
      <marc:subfield code="a">Disney Pixar</marc:subfield>
      <marc:subfield code="4">aut</marc:subfield>
      <marc:subfield code="e">Verfasser/-in</marc:subfield>
   </marc:datafield>
   <marc:datafield ind1="0" ind2="0" tag="245">
      <marc:subfield code="a">Findet Dorie</marc:subfield>
   </marc:datafield>
   <marc:datafield ind1="0" ind2="0" tag="245">
      <marc:subfield code="b">Das Original-Hörspiel zum Film</marc:subfield>
   </marc:datafield>
   <marc:datafield ind1="0" ind2="0" tag="245">
      <marc:subfield code="c">Disney Pixar ; Sprecher/in: Erzähler: Bodo Primus [und andere]</marc:subfield>
   </marc:datafield>
   <marc:datafield ind1=" " ind2="1" tag="264">
      <marc:subfield code="b">Kiddinx Entertainment GmbH</marc:subfield>
   </marc:datafield>
   <marc:datafield ind1="1" ind2=" " tag="520">
      <marc:subfield code="a">Warum war Dorie allein im Meer, als sie Marlin traf? Wo kam sie her und warum sprach sie so gut Walisch? Der vergessliche Paletten-Doktorfisch kann sich an nichts erinnern und hat sogar seine Eltern vergessen. Bis ein Unfall eine Kindheitserinnerung zurückbringt. Jetzt will Dorie nur noch eins: ihre Eltern wiederfinden! Zusammen mit Marlin und Nemo macht sie sich auf die Reise zu einem meeresbiologischen Institut an der Küste von Kalifornien ...&#xD;
Hörspiel zum Film für Kinder ab 4 Jahren.</marc:subfield>
   </marc:datafield>
   <marc:datafield ind1=" " ind2=" " tag="041">
      <marc:subfield code="a">ger</marc:subfield>
   </marc:datafield>
</marc:record>
